| 000 | 00875nas a2200301 4500 | ||
|---|---|---|---|
| 001 | BR0001102 | ||
| 003 | BR-BrBNA | ||
| 005 | 20231205101718.0 | ||
| 007 | ta | ||
| 008 | 230509b bl.|||p| |||| 00| 00por d | ||
| 040 |
_aBR-BrBNA _bpor _cBiblioteca Nacional de Agricultura |
||
| 041 | _a(Pt) | ||
| 072 | _aM12 | ||
| 100 | 1 | _aRodrigues, M. de J.J. | |
| 100 | 1 | _aSouza, R.A.L. de | |
| 100 | 1 | _aSoares, J.L.B. | |
| 100 | 1 | _aTeixeira, R.N.G. | |
| 100 | 1 | _aCastro, O.B. de | |
| 100 | 1 | _aSawaki, H.K. | |
| 100 | 1 | _aFigueiredo, M. de F.K. | |
| 245 | 1 | _aA aquicultura no Estado do Para | |
| 650 | _aAquicultura | ||
| 650 | _aPiscicultura | ||
| 650 | _aPara | ||
| 773 | 0 |
_tBoletim da Faculdade de Ciencias Agrarias do Para (Brazil) _xISSN 0100-2694 _g(Jul-Dec 1998), (no. 30) p. 31-49 _wBR0001102 |
|
| 909 |
_a202311 _bLúcia _c55 _dLúcia Elande |
||
| 942 |
_2AGRIS _n0 _cANA |
||
| 999 |
_c163429 _d163429 |
||